[Event "Spring Chess Classic 2017-C"]
[Site "Saint Louis"]
[Date "2017.05.18"]
[Round "4"]
[White "Shimanov, Alex"]
[Black "Ramirez, Alejandro"]
[Result "1/2-1/2"]
[WhiteElo "2642"]
[BlackElo "2550"]
[Annotator "TA"]
[PlyCount "51"]
[EventDate "2017.??.??"]
[EventType "tourn"]
[EventCountry "USA"]
[SourceTitle "playchess.com"]
[Source "ChessBase"]
[SourceQuality "1"]

{[%evp 25,51,14,27,20,38,10,10,0,0,0,0,0,0,0,0,0,0,0,33,30,37,0,0,0,31,0,0,0]} 1. d4 Nf6 2. Nf3 d5 3. c4 c6 4. e3 e6 5. b3 Nbd7 6. Bd3 Be7 7. O-O b6 8. Bb2 Bb7 9. Nc3 O-O 10. Qe2 Rc8 11. Rad1 Qc7 12. e4 dxe4 13. Nxe4 c5 {LiveBook: 5 Games. D46: Semi-Slav: 5 e3 Nbd7 6 Bd3, Black avoids the Meran} (13... Nxe4 14. Bxe4 Nf6 15. Bb1 Rfd8 16. Qc2 g6 17. Qc3 Ne8 18. Ne5 Bf6 19. c5 Bg7 20. Rfe1 Nf6 21. b4 Nd5 22. Qb3 a5 23. a3 axb4 24. axb4 Ba6 25. Rc1 bxc5 {½-½ (25) Caletka,R (2355)-Vlasak,L (2336) Czechia 2014}) 14. dxc5 {And now Nd6 would win.} bxc5 15. Neg5 h6 $146 ({Predecessor:} 15... Qc6 16. Nxh7 Rfe8 17. Nxf6+ Bxf6 18. Bxf6 Nxf6 19. Qe5 a5 20. Bc2 Qb6 21. Ng5 {½-½ (41) Gruenberg,H-Starck,B Stralsund 1975}) 16. Nxe6 Bxf3 $1 17. gxf3 fxe6 18. Qxe6+ Kh8 $1 {...Bd6 is the strong threat.} 19. Bf5 Nb8 20. Be5 Qb7 {[#] White must now prevent ...Rc6.} 21. Be4 $1 {[%cal Re4b7]} Nc6 (21... Rc6 $5 22. Bxc6 Nxc6 $11) 22. Rfe1 {[%mdl 1024] Hoping for Kg2. White has compensation.} Rfe8 $1 23. Qf7 Rf8 24. Qe6 {aiming for Re3.} Rfe8 $1 25. Qf7 Rf8 26. Qe6 1/2-1/2

[Event "Spring Chess Classic 2017-C"]
[Site "Saint Louis"]
[Date "2017.05.18"]
[Round "4"]
[White "Stukopin, Andrey"]
[Black "Nyzhnyk, Illya"]
[Result "1/2-1/2"]
[WhiteElo "2586"]
[BlackElo "2610"]
[Annotator "TA"]
[PlyCount "96"]
[EventDate "2017.??.??"]
[EventType "tourn"]
[EventCountry "USA"]
[SourceTitle "playchess.com"]
[Source "ChessBase"]
[SourceQuality "1"]

{[%evp 20,96,45,43,50,39,50,42,46,31,30,20,21,24,30,23,52,48,68,40,50,50,69,75,74,58,46,34,62,40,49,51,70,64,83,-137,-138,-131,-124,-121,-120,-109,-121,-193,-176,-200,-200,-200,-140,-261,-232,-281,-281,-280,-271,-275,-272,-286,-286,-292,-293,-286,-286,-279,-274,-419,-426,-422,-422,-390,-390,-602,-595,-1106,-1088,-956,-947,-5289,-5265]} 1. e4 c6 2. d4 d5 3. e5 Bf5 4. Nd2 e6 5. Nb3 Nd7 6. Nf3 Ne7 {B12: Caro-Kann: Advance Variation} 7. Be2 h6 8. O-O Bh7 (8... Qc7 9. Bd2 g5 10. c4 a5 11. Rc1 dxc4 12. Bxc4 Bg7 13. Re1 O-O 14. h4 g4 {1-0 (39) Vachier Lagrave,M (2804)-Tomashevsky,E (2716) Doha 2016}) 9. a4 Nf5 10. a5 a6 11. c4 {LiveBook: 8 Games} dxc4 12. Bxc4 Ne7 13. Qe2 Nd5 14. Nfd2 Nb4 $146 ({Predecessor:} 14... Be7 15. Ne4 {½-½ (56) Seyb,A (2383)-Grimm,J (1939) Wunsiedel 2014}) 15. Ne4 b5 16. axb6 Nxb6 {And now ...Bxe4 would win.} 17. f3 Nxc4 18. Qxc4 Qd5 19. Qc3 Qb5 20. Ra5 Qb6 21. Bd2 Be7 22. Rfa1 O-O 23. Qc4 Rab8 24. Nbc5 {aiming for Nd7.} Rfd8 $1 25. Bc3 Bxe4 26. fxe4 Nc2 {[#]} 27. Nxe6 $2 ({Stronger than} 27. Rxa6 Qb5 $17) (27. R1a2 $1 $16 {is necessary to keep the advantage.}) 27... fxe6 $17 28. Qxe6+ {[#]} Kh7 $1 29. Qxe7 Nxa1 30. Rxa1 Rxd4 {( -> ...Rd1#)} 31. Bxd4 (31. Kh1 $17) 31... Qxd4+ $40 {[%mdl 4224] Endgame KQR-KQR. Black wants a kill.} 32. Kh1 Rxb2 33. Qa3 Re2 34. h3 (34. Rc1 $17) 34... Qxe4 $19 {[%csl Ge2][%cal Re4g2]} 35. Qf3 Re1+ ({Weaker is} 35... Qxe5 36. Qd3+ Kg8 37. Qd8+ Kh7 38. Qd3+ g6 39. Qxa6 $17) 36. Rxe1 Qxe1+ {KQ-KQ} 37. Kh2 Qxe5+ 38. Kg1 Qd5 {Threatens to win with ...Qxf3.} 39. Qf1 a5 40. Qb1+ Kg8 41. Qb8+ Kf7 42. Qc7+ (42. Kh1 {was necessary.}) 42... Kg6 43. Qg3+ Kh7 44. Qc3 Kg8 45. Qa3 (45. Qc2 $142) 45... Qd4+ {Black is clearly winning.} 46. Kh1 a4 47. Qa2+ Kh8 48. Qf7 Qd3 {[%mdl 32768] Precision: White = 44%, Black = 92%. . An unexpected result.} 1/2-1/2

[Event "Spring Chess Classic 2017-C"]
[Site "Saint Louis"]
[Date "2017.05.18"]
[Round "4"]
[White "Li, Ruifeng"]
[Black "Sevian, Samuel"]
[Result "1/2-1/2"]
[WhiteElo "2574"]
[BlackElo "2585"]
[Annotator "TA"]
[PlyCount "160"]
[EventDate "2017.??.??"]
[EventType "tourn"]
[EventCountry "USA"]
[SourceTitle "playchess.com"]
[Source "ChessBase"]
[SourceQuality "1"]

{[%evp 23,160,-7,0,-27,0,0,0,0,15,0,0,0,0,0,0,0,0,0,0,-23,-15,-34,-21,-40,-33,-36,-37,-43,-39,-75,-47,-52,-40,-36,-41,-51,-35,-44,-43,-47,-52,-44,-60,-51,27,36,32,28,24,29,27,25,15,16,58,65,109,109,108,85,105,95,99,93,102,55,62,62,62,55,96,73,72,64,64,50,69,67,101,93,98,0,0,0,6,6,10,0,11,0,0,0,136,104,139,32,39,25,23,28,20,0,25,50,110,0,0,0,0,0,0,0,0,0,23,0,0,0,0,0,0,0,0,0,0,0,0,0,0,0,0,0,0,0,0,0,0,0,0]} 1. d4 Nf6 2. Bf4 g6 3. Nf3 Bg7 4. e3 O-O 5. Be2 d6 6. h3 c5 7. O-O Qb6 8. Qc1 {A48: 1 d4 Nf6 2 Nf3 g6: Torre, London and Colle Systems} Nc6 9. c3 Be6 (9... Bf5 10. Nbd2 cxd4 11. exd4 Nd5 12. Bg5 {½-½ (45) Turner,M (2522)-Howell,D (2655) Reading 2017}) 10. Nbd2 cxd4 11. exd4 Rac8 12. Re1 Rfe8 {LiveBook: 4 Games} 13. Bh2 $146 ({Predecessor:} 13. Bg5 h6 14. Be3 Qd8 15. Nf1 Kh7 {0-1 (30) Kudischewitsch,D (2355)-Nedobora,M (2414) Herzliya 2016}) 13... Nd7 {[%cal Rc6d4]} 14. Qb1 Na5 15. Bd3 Nc4 (15... Bd5 {is more complex.} 16. a4 Qc6 17. Ra3 Qc7 18. Be4 Bxe4 19. Qxe4 Nf6) 16. Nxc4 Bxc4 17. Bxc4 Rxc4 18. Qd3 Rcc8 19. Re2 Nf6 20. Rae1 e6 21. Bf4 Nd5 {[%cal Bf6d5,Bd5e7,Be7f5][%mdl 32]} 22. Bc1 Qc6 23. Qe4 h6 24. Qh4 Ne7 25. Qf4 b5 26. Nh2 {[#]} b4 $1 {[%mdl 512]} 27. cxb4 Nf5 {And now ...h5 would win.} 28. Nf3 Qd5 29. a3 Rc4 30. Qe4 $1 {[%cal Re4d5]} Qxe4 31. Rxe4 Rec8 $1 32. Bd2 d5 {[%mdl 1024] Black has compensation.} 33. R4e2 h5 (33... Nxd4 $15 34. Nxd4 Bxd4) 34. Be3 $1 $11 h4 ({Much worse is} 34... Nxd4 $6 35. Nxd4 Rxd4 36. Bxd4 $16) 35. Rd1 Bf6 36. Kf1 Kg7 37. Ke1 a6 38. Red2 Nd6 39. Ne5 Rc2 40. Nd3 R2c6 41. Re2 Nc4 42. Nc5 g5 43. Bc1 Nd6 44. b3 Nf5 45. Bb2 Kg6 46. Rc2 Kh5 47. Ke2 g4 48. hxg4+ Kxg4 49. Rdd2 Bg5 50. Rd3 Rg8 51. Rcc3 Kh5 52. Nd7 (52. Kf1 $16) 52... Rd6 $1 {[%cal Rd6d7]} 53. Ne5 Bf6 54. Kf1 Nxd4 55. Nxf7 Rd7 {Threatens to win with ...Nf5.} 56. Rc5 Rg4 57. f3 Rg8 (57... Rg3 $1 $11) 58. Bxd4 Bxd4 {[#]} 59. Rxd4 ({White has to play} 59. Nh6 $1 $16 {[%cal Rh6g8]} Kxh6 60. Rxd4) 59... Rxf7 $16 {[%mdl 4096] Endgame KRR-KRR} 60. Rd3 {Strongly threatening Rc6.} Rfg7 61. Rd2 {Hoping for Rc6.} Rg3 62. Rc3 h3 63. gxh3 Rxh3 {[#]} (63... Kg6 $14) 64. Rg2 ({White should try} 64. Re3 $1 $16) 64... Rh1+ $1 $11 65. Kf2 Rxg2+ 66. Kxg2 {KR-KR} Ra1 67. a4 Ra3 68. Kf2 {Re3 is the strong threat.} d4 69. Rc4 e5 {The position is equal.} 70. Rc5 Rxb3 71. Rxe5+ Kg6 72. b5 axb5 73. Rxb5 Ra3 74. a5 Ra2+ 75. Ke1 d3 76. f4 {[%cal Bf3f4,Bf4f5][%mdl 32]} Kf6 77. Kd1 {With the idea f5.} Ke6 78. f5+ Kf6 79. Rd5 Kg5 80. Ke1 (80. a6 $5) 80... Kf6 {Precision: White = 56%, Black = 72%.} 1/2-1/2

[Event "Spring Chess Classic 2017-C"]
[Site "Saint Louis"]
[Date "2017.05.19"]
[Round "5"]
[White "Nyzhnyk, Illya"]
[Black "Li, Ruifeng"]
[Result "1-0"]
[WhiteElo "2610"]
[BlackElo "2574"]
[Annotator "TA"]
[PlyCount "93"]
[EventDate "2017.??.??"]
[EventType "tourn"]
[EventCountry "USA"]
[SourceTitle "playchess.com"]
[Source "ChessBase"]
[SourceQuality "1"]

{[%evp 19,93,34,30,27,27,26,87,79,95,85,102,57,62,61,59,60,58,54,63,62,64,50,75,73,77,35,44,47,61,18,50,51,74,76,83,74,152,139,154,154,159,159,159,159,159,159,159,159,159,158,144,132,178,150,162,127,121,119,125,75,80,85,88,87,156,164,164,170,173,102,4702,1956,4898,4898,4878,4168]} 1. c4 e5 2. Nc3 Nc6 3. Nf3 g6 4. d4 exd4 5. Nxd4 Bg7 6. Nxc6 bxc6 7. e4 Ne7 {A27: English Opening: Three Knights Variation} 8. Be3 O-O (8... d6 9. Bd4 Bxd4 10. Qxd4 O-O 11. c5 dxc5 12. Qxc5 Qd6 13. Qxd6 cxd6 14. O-O-O Rd8 15. Rd2 Be6 16. Be2 Rd7 {1-0 (44) Aronian,L (2770)-Andreikin,D (2723) Sochi 2015}) 9. Bd4 d6 10. Bxg7 Kxg7 {LiveBook: 3 Games} 11. Qd4+ f6 12. c5 Be6 (12... dxc5 $1 $11 13. Qxc5 Qd6 14. Qxd6 cxd6) 13. O-O-O $16 d5 14. Bd3 {[#]} dxe4 $146 ({Predecessor:} 14... Qe8 15. Rhe1 Qf7 16. e5 f5 {1-0 (49) Knaak,R (2525)-Ermenkov,E (2520) Zinnowitz 1985}) 15. Bxe4 (15. Qxe4 {with more complications.} Bd5 16. Qa4 Rf7 17. Rhe1 Qf8 18. f3) 15... Qxd4 16. Rxd4 f5 17. Bf3 Kf6 18. Rhd1 Rfb8 19. b3 a5 20. Kb2 h5 21. g3 Ra7 22. Rd8 Raa8 23. Rxb8 Rxb8 24. Rd4 Bd5 25. Bxd5 Rd8 26. Ra4 {Bc4 is the strong threat.} Nxd5 27. a3 Nxc3 (27... Ke5 $142) 28. Kxc3 {[%mdl 4096] Endgame KR-KR} Rd1 29. Rxa5 Ke6 30. Ra7 Kd7 31. Ra4 {Black must now prevent Rd4+.} Rc1+ 32. Kd2 Rxc5 33. Rd4+ Kc8 {[#]} 34. f4 $1 Ra5 35. a4 Kb7 36. Rd8 Ra6 37. Kd3 c5 38. Rd5 Rb6 39. Kc4 ({Much weaker is} 39. Rxc5 $6 Rxb3+ 40. Kc4 Ra3 $11) 39... Rb4+ {[#]} 40. Kc3 $1 Kc6 41. Re5 Kd6 (41... h4 $142) 42. Re8 Rb6 43. Ra8 Kd5 44. a5 (44. Rd8+ $18 Rd6 45. Rxd6+ cxd6 46. b4) 44... Re6 $2 {[%mdl 8192]} (44... Rb5 $16 45. a6 Ra5) 45. a6 $18 {[%cal Ba5a6,Ba6a7][%mdl 32] White is clearly winning.} Re3+ 46. Kd2 Rxb3 47. a7 {Precision: White = 83%, Black = 43%.} 1-0

[Event "Spring Chess Classic 2017-C"]
[Site "Saint Louis"]
[Date "2017.05.19"]
[Round "5"]
[White "Sevian, Samuel"]
[Black "Shimanov, Alex"]
[Result "1-0"]
[WhiteElo "2585"]
[BlackElo "2642"]
[Annotator "TA"]
[PlyCount "81"]
[EventDate "2017.??.??"]
[EventType "tourn"]
[EventCountry "USA"]
[SourceTitle "playchess.com"]
[Source "ChessBase"]
[SourceQuality "1"]

{[%evp 9,81,13,36,35,41,46,48,25,100,96,108,101,108,102,120,83,98,70,89,68,112,106,113,103,112,64,77,75,71,71,64,25,51,0,66,29,112,116,101,98,84,0,70,0,93,51,126,85,88,78,113,70,234,215,254,259,212,206,199,189,192,189,355,265,367,364,305,295,408,395,1140,1057,1030,995]} 1. e4 {[%cal Be2e4,Be4e5][%mdl 32]} c6 2. d4 d5 3. e5 Bf5 4. h4 Qc7 (4... h5 5. Bd3 Bxd3 6. Qxd3 e6 7. Bg5 Be7 8. Nf3 Nh6 9. Nc3 Nf5 10. Ne2 c5 11. dxc5 Qa5+ 12. c3 Qxc5 13. Bxe7 Kxe7 14. Ned4 Nxd4 15. Nxd4 {0-1 (32) Adams,M (2761)-Svidler,P (2741) Shenzhen 2017}) 5. Nc3 h6 6. g4 {B12: Caro-Kann: Advance Variation} Bh7 7. e6 fxe6 8. f4 $146 {[%cal Bf2f4,Bf4e5][%mdl 32] White is slightly better.} ({Predecessor:} 8. Bd3 e5 9. Bxh7 Rxh7 10. dxe5 Qxe5+ 11. Be3 Qd6 12. Qd3 {½-½ (40) Van Foreest,J (2493)-Motylev,A (2653) Moscow 2015}) 8... e5 (8... c5 $11) 9. fxe5 $16 e6 10. Bd3 Bxd3 11. Qxd3 Na6 12. a3 c5 13. Be3 O-O-O $1 14. Nge2 c4 15. Qd2 Qd7 16. Nf4 {Black must now prevent Ng6.} Ne7 17. a4 Kb8 18. Nb5 Rg8 19. h5 Nc7 20. Qa5 Na6 $1 21. Qd2 Nc7 $1 22. Rf1 $36 {[%mdl 2048] White has the initiative.} Rc8 (22... Nxb5 $11 {keeps the balance.} 23. axb5 g5 24. hxg6 Nxg6) 23. Nd6 Rd8 24. Nf7 Re8 25. Nd6 Rd8 $1 26. Nf7 (26. Rf3 $14) 26... Rc8 (26... Re8 $11 {remains equal.}) 27. Ng6 Nc6 (27... Nxg6 $14 28. hxg6 Be7) 28. g5 hxg5 29. Bxg5 Na6 {[%cal Bc7a6,Ba6b4,Bb4a2][%mdl 32]} 30. Rf2 Nxd4 $2 {[#]} (30... Re8 $14) 31. Qxd4 $18 {aiming for Nd6.} Bc5 32. Qf4 Bxf2+ 33. Kxf2 Nb4 {[#]} 34. Rc1 $1 Qxa4 35. Ne7 Rcf8 $2 (35... Na2 36. Rd1 Nb4) 36. Kg2 Na2 37. Rf1 Qxc2+ 38. Rf2 Qh7 39. Nxg8 Qxg8 $2 (39... Qxh5 40. Ne7 Nb4) 40. Be7 Re8 41. Qg5 {Precision: White = 57%, Black = 45%.} 1-0

[Event "Spring Chess Classic 2017-C"]
[Site "Saint Louis"]
[Date "2017.05.19"]
[Round "5"]
[White "Ramirez, Alejandro"]
[Black "Stukopin, Andrey"]
[Result "0-1"]
[WhiteElo "2550"]
[BlackElo "2586"]
[Annotator "TA"]
[PlyCount "68"]
[EventDate "2017.??.??"]
[EventType "tourn"]
[EventCountry "USA"]
[SourceTitle "playchess.com"]
[Source "ChessBase"]
[SourceQuality "1"]

{[%evp 14,68,29,19,30,-22,-9,-24,-19,-17,-11,-25,-22,-17,-22,-20,-21,-12,-13,-29,0,0,0,0,5,-39,0,0,0,-8,-3,-43,-46,-132,-132,-150,-156,-250,-145,-359,-297,-293,-295,-353,-347,-322,-320,-331,-301,-588,-586,-764,-762,-735,-730,-905,-896]} 1. c4 c5 2. g3 Nc6 3. Bg2 g6 4. Nc3 Bg7 5. a3 Nf6 6. Rb1 a5 7. d3 O-O 8. Bd2 {LiveBook: 12 Games. A36: Symmetrical English vs ...g6: 4 Bg2 Bg7} (8. Bf4 d6 9. Qd2 Re8 10. Bh6 Bh8 11. h4 Ng4 12. h5 Nxh6 13. hxg6 hxg6 14. Qxh6 Bg7 15. Qh7+ Kf8 {1-0 (37) Kovalenko,I (2668)-Kotsur,P (2552) Almaty 2016}) 8... b6 9. b4 $146 (9. f4 $142) ({Predecessor:} 9. Nb5 Rb8 10. b4 axb4 11. axb4 Nxb4 12. Bxb4 cxb4 13. Rxb4 d5 14. Qc2 dxc4 15. Qxc4 Be6 {0-1 (30) Seifert,V-Feige,M Friedrichroda 1997}) 9... axb4 $11 10. axb4 {The position is equal.} cxb4 11. Nd5 $1 Nxd5 12. cxd5 Nd4 13. Nf3 {[%cal Bg1f3,Bf3d2,Bd2e4,Be4g5][%mdl 32]} Nb5 {...Nc3 is the strong threat.} 14. Bxb4 Nc3 15. Bxc3 $1 Bxc3+ 16. Nd2 b5 17. O-O b4 18. Ne4 Ra3 19. d6 exd6 20. Qc1 Qa5 {Hoping for ...Bb7.} 21. Qh6 Qe5 $36 {[%mdl 2048] Black fights for an advantage.} 22. Ng5 {[%csl Gg5][%cal Rh6h7] [#]} Qg7 23. Qh4 (23. Qxg7+ $15 Kxg7 24. Ne4) 23... b3 $17 {[%cal Bb4b3,Bb3b2][%mdl 32]} 24. Bd5 b2 25. Qf4 (25. Ne4 $17) 25... Ra5 (25... Qe5 $19 26. Qxe5 (26. Bxf7+ $2 Kg7 $19) 26... Bxe5) 26. e4 $2 (26. Qc4 $17) 26... h6 27. Nf3 Ba6 28. Rfd1 Bb5 29. Bb3 Ra1 30. Qe3 Rc8 31. d4 $2 (31. Kg2) 31... Ra3 $19 {Black is clearly winning.} 32. Bc2 Bb4 33. Bd3 Bxd3 34. Rxd3 {[#]} Rc1+ $1 {[%mdl 512] Precision: White = 34%, Black = 69%.} 0-1

[Event "Spring Chess Classic 2017-C"]
[Site "Saint Louis"]
[Date "2017.05.20"]
[Round "6"]
[White "Shimanov, Alex"]
[Black "Stukopin, Andrey"]
[Result "1-0"]
[WhiteElo "2642"]
[BlackElo "2586"]
[Annotator "TA"]
[PlyCount "117"]
[EventDate "2017.??.??"]
[EventType "tourn"]
[EventCountry "USA"]
[SourceTitle "playchess.com"]
[Source "ChessBase"]
[SourceQuality "1"]

{[%evp 21,117,46,40,0,0,0,18,21,21,9,39,31,40,41,35,44,63,64,72,54,86,93,97,90,87,82,94,93,86,89,83,43,23,12,12,12,12,12,12,15,10,19,17,10,76,0,4,13,58,0,0,0,0,0,0,0,2,0,2,0,0,0,0,0,0,0,0,0,0,5,55,64,78,0,0,0,25,0,0,0,1872,1425,12840,12840,12842,12843,12845,12846,12850,12851,12851,29942,12851,29967,12851,29970,12851,29959]} 1. d4 Nf6 2. c4 e6 3. Nf3 d5 4. g3 Bb4+ 5. Bd2 Be7 6. Bg2 c6 7. Qc2 Nbd7 8. O-O O-O 9. Rd1 a5 {E11: Bogo-Indian} (9... Ne4 10. Bf4 g5 11. Bc1 f5 12. Nc3 Qe8 13. Nxe4 fxe4 14. Nxg5 Nf6 15. f3 Qh5 16. Nh3 e5 17. Nf2 exd4 18. Rxd4 {½-½ (59) Cheparinov,I (2689)-Aronian,L (2785) Doha 2016}) 10. Bf4 b5 11. c5 Nh5 {LiveBook: 9 Games. White is slightly better.} 12. Bd6 Bxd6 13. cxd6 Nb8 14. Nbd2 {[#]} Qxd6 $146 ({Predecessor:} 14... f5 15. Nb3 Qxd6 16. a4 b4 17. Ne5 Bd7 {½-½ (52) Meier,G (2648)-Postny,E (2577) Copenhagen 2010}) 15. e4 f5 16. e5 {[%mdl 1024] White has compensation.} Qe7 17. a4 $36 {[%mdl 2048] White has the initiative.} b4 18. Nb3 Bd7 19. Rac1 Rc8 20. Qc5 Qxc5 21. Rxc5 Rc7 22. Rxa5 Rxa5 23. Nxa5 Ra7 24. Nb3 Rxa4 25. Nc5 Ra2 26. Ng5 g6 $1 27. Ngxe6 Bxe6 28. Nxe6 Ng7 29. Nd8 Kf8 30. Nxc6 Nxc6 31. Bxd5 Ra6 32. f4 g5 (32... Nd8 $11 {remains equal.}) 33. Bc4 (33. fxg5 $16 Ne8 34. Bc4) 33... Rb6 34. d5 gxf4 (34... Na5 $5 {[%cal Ra5c4]} 35. Bd3 gxf4 $14) 35. gxf4 (35. dxc6 $14 Rxc6 36. b3) 35... Na5 $11 36. Be2 Nb3 37. Bc4 Na5 38. Be2 Nb3 39. h3 Ke8 40. Kh2 Kd8 41. h4 Rg6 42. Kh3 h5 43. Kh2 Rg4 44. Bxg4 fxg4 45. Rd3 Nc5 (45... Nc1 $5 {[%cal Rc1d3]} 46. Rd4 Nf5 47. Rxb4 Ne2 $16) 46. Rd4 g3+ {[#]} 47. Kg2 ({White should try} 47. Kg1 $1 $16 Nf5 48. Rxb4) 47... Nf5 48. Rxb4 Nd3 49. Re4 {Kf3 is the strong threat.} Nxb2 (49... Nc5 $5 {[%cal Rc5e4]} 50. Rb4 Nd3 $11) 50. d6 {And now Kf3 would win.} Kd7 $2 {[%mdl 8192] [#]} (50... Ke8 $11) 51. e6+ $1 $18 Kxd6 {[#]} 52. e7 $1 {[%cal Re7e8][%mdl 512]} Nxe7 53. Rb4 Nd5 54. Rxb2 Nxf4+ 55. Kxg3 Ke5 56. Kf3 Nd5 57. Rg2 Nf6 58. Rg5+ Ke6 59. Ra5 {Precision: White = 72%, Black = 57%.} 1-0

[Event "Spring Chess Classic 2017-C"]
[Site "Saint Louis"]
[Date "2017.05.20"]
[Round "6"]
[White "Nyzhnyk, Illya"]
[Black "Sevian, Samuel"]
[Result "0-1"]
[WhiteElo "2610"]
[BlackElo "2585"]
[Annotator "TA"]
[PlyCount "80"]
[EventDate "2017.??.??"]
[EventType "tourn"]
[EventCountry "USA"]
[SourceTitle "playchess.com"]
[Source "ChessBase"]
[SourceQuality "1"]

{[%evp 18,80,7,8,15,0,13,0,0,0,0,0,0,-19,0,-2,0,-10,0,0,0,-39,-45,-108,0,0,0,-24,0,-59,-51,-78,-79,-98,-93,-64,-18,-55,-59,-64,-20,-62,-69,-69,-62,-62,-63,-67,-56,-8,-10,-169,-169,-170,-165,-185,-181,-172,-174,-171,-135,-415,-402,-587,-573]} 1. Nf3 d5 2. e3 Nf6 3. c4 e6 4. b3 Be7 5. Bb2 O-O 6. Be2 b6 {A13: English Opening: 1...e6} (6... c5 7. cxd5 Nxd5 8. Nc3 Nc6 9. O-O b6 10. d4 Nxc3 11. Bxc3 Bf6 12. Rc1 cxd4 13. Nxd4 Nxd4 14. Bxd4 Bxd4 15. Qxd4 Qxd4 16. exd4 Bb7 17. Rc7 {½-½ (32) Topalov,V (2761)-Nakamura,H (2787) Paris 2016}) 7. cxd5 exd5 8. O-O Bb7 9. d4 Nbd7 10. Nc3 {LiveBook: 3 Games} c6 11. Qc2 Re8 12. Bd3 Bd6 13. Rfe1 Rc8 14. Rac1 g6 15. Qb1 $146 ({Predecessor:} 15. Ne2 Ne4 16. Ng3 f5 17. Re2 Qe7 {½-½ (37) Berescu,A (2461)-Malakhatko,V (2559) Abu Dhabi 2013}) 15... Bf8 16. h3 a5 17. Nd2 Bg7 18. Ba3 Nf8 19. b4 axb4 20. Bxb4 (20. Qxb4 $15 Ne6 21. Nf3) 20... Ne6 (20... c5 $1 $17 {[%cal Rc5b4]} 21. dxc5 bxc5) 21. Nf3 $11 Ra8 22. a4 c5 23. Ba3 (23. Bxc5 $1 $11 bxc5 24. Qxb7) 23... Bc6 $15 24. dxc5 bxc5 {[%cal Bb6c5,Bc5d4,Bd4d3,Bd3e2][%mdl 32]} 25. Bb5 Bxb5 26. Qxb5 d4 27. exd4 cxd4 28. Ne2 Qd7 {Threatens to win with ...Qxb5.} (28... Ne4 {feels hotter.} 29. Red1 h5 30. Bb4 Rb8 31. Qc4 Qb6) 29. Qxd7 Nxd7 30. Rcd1 {[%cal Re2d4]} Nb6 $1 $36 {[%mdl 2048] Black fights for an advantage.} 31. Bb2 d3 $1 32. Bxg7 dxe2 33. Rb1 $1 Nxa4 ({But not} 33... Kxg7 34. Rxb6 Nf4 35. Rd6 $17) 34. Ba1 $2 (34. Bd4 $1 $11 {and White is okay.}) 34... Nf4 $1 $19 {[%cal Rf4d3] Hoping for ...Nd3.} 35. Ne5 {[#]} Nc5 $1 36. g3 Nxh3+ 37. Kg2 {[#]} Rxa1 $1 38. Rxa1 {Black must now prevent Ng4.} Rxe5 39. f4 $2 {[%mdl 8192]} (39. Ra3 $17 {keeps fighting.} Rh5 40. Rxe2) 39... Re3 40. Kxh3 (40. Ra8+ $142 Kg7 41. Rd8) 40... Nd3 {Precision: White = 37%, Black = 59%.} 0-1

[Event "Spring Chess Classic 2017-C"]
[Site "Saint Louis"]
[Date "2017.05.20"]
[Round "6"]
[White "Li, Ruifeng"]
[Black "Ramirez, Alejandro"]
[Result "0-1"]
[WhiteElo "2574"]
[BlackElo "2550"]
[Annotator "TA"]
[PlyCount "80"]
[EventDate "2017.??.??"]
[EventType "tourn"]
[EventCountry "USA"]
[SourceTitle "playchess.com"]
[Source "ChessBase"]
[SourceQuality "1"]

{[%evp 19,80,35,44,18,27,-1,0,-1,13,0,0,-25,-15,-23,-22,-52,-49,-255,-239,-262,-213,-269,-253,-266,-247,-251,-260,-251,-256,-279,-289,-318,-352,-402,-420,-582,-484,-482,-469,-490,-480,-469,-322,-322,-322,-415,-413,-650,-640,-735,-618,-739,-714,-699,-666,-1278,-1024,-1761,-1175,-5098,-5591,-29966,-29967]} 1. e4 c5 2. Nf3 e6 3. d4 cxd4 4. Nxd4 Nc6 5. Nc3 Qc7 6. Be3 a6 7. a3 b5 8. Nxc6 Qxc6 9. Be2 Bb7 {B49: Sicilian: Taimanov: 5 Nc3 Qc7 6 Be3 a6 7 Be2} 10. O-O (10. Qd2 Rc8 11. O-O Nf6 12. Bf3 Qc7 13. Bf4 e5 14. Bg5 Be7 15. Bxf6 Bxf6 16. Rfd1 Rd8 17. Qe2 {1-0 (45) Hou,Y (2663)-Potkin,V (2597) Almaty 2016}) 10... Rc8 {LiveBook: 6 Games} 11. f4 (11. Qd2 {feels hotter.} Nf6 12. Rfd1 Qc7 13. Bf4 e5 14. Bg3) 11... Bc5 {The position is equal.} 12. Bxc5 (12. Qd3 {is interesting.} Ne7 13. Bf3 Qb6 14. Bxc5 Qxc5+ 15. Rf2) 12... Qxc5+ 13. Kh1 d6 14. Bf3 Nf6 15. Qe1 $146 ({Predecessor:} 15. e5 Bxf3 16. Qxf3 dxe5 17. fxe5 Qxe5 18. Rae1 Qc7 19. Qh3 Qe7 20. Rxf6 Qxf6 21. Nd5 Qf2 22. Rg1 Qf5 {0-1 (24) Spiller,P-Stuart,P New Zeeland 1982}) 15... e5 16. Rd1 O-O 17. f5 b4 18. Nd5 $2 (18. axb4 $15 Qxb4 19. Rb1) 18... Bxd5 $1 $19 19. axb4 Qxc2 20. Rf2 Qb3 21. exd5 {[#]} e4 $1 {[%cal Be5e4,Be4e3][%mdl 544]} 22. Be2 (22. Bxe4 Rfe8) 22... Rc2 (22... Nxd5 23. Bxa6 Rc7 24. Re2 $17) 23. Rc1 e3 (23... Qxb2 24. Rxc2 Qxc2 25. Bxa6 $19) 24. Rf3 Re8 ({Don't play} 24... Qxb2 25. Rxc2 Qxc2 26. Rxe3 $19) ({Less strong is} 24... Rxb2 25. Bxa6 Qxd5 26. Qxe3 $17) 25. Rxc2 Qxc2 26. Kg1 Nxd5 27. Bxa6 Qxb2 28. Bc4 Qd2 29. Rf1 {Strongly threatening Qxd2.} Nc3 30. f6 Qxe1 31. Rxe1 {[%mdl 4096] Endgame [#] KRB-KRN} d5 $1 {[%cal Rd5c4,Bd6d5,Bd5d4][%mdl 32]} ({Not} 31... gxf6 32. Rc1 $17) 32. Ba6 d4 33. fxg7 (33. Bd3 $142 Nd5 34. Kf1) 33... Rb8 34. g4 Rxb4 35. Kg2 Rb2+ 36. Kg3 Rf2 37. Bd3 Kxg7 38. Ra1 Rd2 39. Bc4 e2 40. Re1 d3 {Precision: White = 16%, Black = 82%.} 0-1